Bài tập và bài giải kế toán ngân hàng

Tập hợp các dạng câu hỏi, bài tập, các tình huống và một số đề thi về nghiệp vụ kế toán ngân hàng như: Huy động vốn, ngoại tệ, tài sản cố định, đầu tư dài hạn, góp vốn...

保存先:
書誌詳細
第一著者: Nguyễn, Thị Loan
その他の著者: Trường Đại học ngân hàng Tp.Hồ Chí Minh
フォーマット: 図書
言語:Undetermined
出版事項: H. Phương Đông 2011
主題:
オンライン・アクセス:http://lrc.tdmu.edu.vn/opac/search/detail.asp?aID=2&ID=17042
タグ: タグ追加
タグなし, このレコードへの初めてのタグを付けませんか!
Thư viện lưu trữ: Trung tâm Học liệu Trường Đại học Thủ Dầu Một
LEADER 01055nam a2200217Ia 4500
001 TDMU_17042
008 210410s9999 xx 000 0 und d
082 |a 657.833 076 
090 |b NG527 
100 |a Nguyễn, Thị Loan 
245 0 |a Bài tập và bài giải kế toán ngân hàng 
245 0 |c Nguyễn Thị Loan, Lâm Thị Hồng Hoa (ch.b) 
260 |a H. 
260 |b Phương Đông 
260 |c 2011 
300 |a 258tr. 
520 |a Tập hợp các dạng câu hỏi, bài tập, các tình huống và một số đề thi về nghiệp vụ kế toán ngân hàng như: Huy động vốn, ngoại tệ, tài sản cố định, đầu tư dài hạn, góp vốn... 
650 |a Kế toán ngân hàng  |v Bài tập và bài giải 
700 |a Trường Đại học ngân hàng Tp.Hồ Chí Minh 
856 |u http://lrc.tdmu.edu.vn/opac/search/detail.asp?aID=2&ID=17042 
980 |a Trung tâm Học liệu Trường Đại học Thủ Dầu Một